000 00613nam a2200205Ia 4500
005 20250923145353.0
008 008 250917s9999 xx 000 0 eng d
037 _aTextual
040 _aDSWL
_beng
_cDSWL
041 _aeng
_2eng
084 _aV2,21'N6-N4, N66;1
_qDSWL
100 _aBrecher, M.
_9834592
245 0 _aSuccession in India ; A study in decision making
_c by M. Brecher
260 _aLondon
_bOxford University Press
_c1966
300 _axii,269 p.
365 _aINR
_b35 . 0
925 _g35 . 0
942 _cTEXL
_hV2,21'N6-N4, N66;1
999 _c1450561
_d1450561